| 000 | 00379nam a2200145Ia 4500 | ||
|---|---|---|---|
| 005 | 20250729165408.0 | ||
| 008 | 250729s2005 xx 000 0 und d | ||
| 041 | _aeng | ||
| 082 | _a370.15 SHAE | ||
| 100 |
_aSharma Anuradha _9222752 |
||
| 245 | _aEducational Psychology | ||
| 260 |
_aNew Delhi _bCommonwealth Publishers _c2005 |
||
| 300 | _a239p | ||
| 650 |
_aPsychology _9222753 |
||
| 999 |
_c235594 _d235594 |
||